| 000 | 00542nam a2200169 a 4500 | ||
|---|---|---|---|
| 001 | 000044313 | ||
| 005 | 20201002045303.0 | ||
| 008 | 140613s2006 dr 000 0 spa d | ||
| 020 | _a9789945130201 | ||
| 040 |
_aDO-SdBNP _bspa _cBNPHU |
||
| 082 |
_axxxxxx _bxxxxxx |
||
| 100 | 1 |
_aMartínez Burgos, José R. _972318 |
|
| 245 | 1 | 0 |
_aDe la tiranía a la democracia / _cJosé R. Martínez Burgos. |
| 260 |
_aSanto Domingo : _bMediabyte, _c2006. |
||
| 300 |
_a201 p. ; _c23 cm. |
||
| 500 | _aIncluye datos biográficos del autor en la contracubierta | ||
| 999 |
_c43802 _d43802 |
||